| 000 | 00686cam a2200181 4500 | ||
|---|---|---|---|
| 082 | 0 | 0 |
_a821 _bBAS |
| 100 | 1 |
_aHussain, Bashir. _945979 |
|
| 245 | 1 | 3 | _aAn apologie for poetrie. |
| 260 |
_aAmsterdam, _bTheatrum Orbis Terrarum; _aNew York, _bDa Capo Press, _c1971. |
||
| 300 |
_a1 v. (unpaged) _c21 cm. |
||
| 500 | _aOriginal imprint reads: At London, Printed for Henry Olney, and are to be sold at his shop in Paules Church-yard, at the signe of the George, neere to Cheap-gate, 1595. | ||
| 500 | _aSignatures: A-L⁴ | ||
| 500 | _aSTC 22534. | ||
| 526 |
_a0 _b0 _c0 _d821_000000000000000_BAS |
||
| 650 | 0 |
_aMCE _9379 |
|
| 650 | 0 |
_aPoetry _xEarly works to 1800. _945980 |
|
| 942 |
_2ddc _cBK |
||
| 999 |
_c549354 _d549354 |
||